[Event "Frankfurt Ordix op"]
[Site "Frankfurt"]
[Date "1998.06.21"]
[Round "9"]
[White "Kindermann, Stefan"]
[Black "Ivanchuk, Vassily"]
[Result "1/2-1/2"]
[WhiteElo "2565"]
[BlackElo "2740"]

1.e4 e5 2.Nf3 Nc6 3.Bb5 a6 4.Ba4 Nf6 5.O-O Be7 6.Re1 b5 7.h3 O-O 8.d4 d6
9.c3 Bb7 10.Bb3 Re8 11.Bc4 Rf8 12.Bb3 Re8 13.Ng5 Rf8 14.Nf3 Na5 15.Bc2 Nc4
16.Nbd2 Nxd2 17.Bxd2 Re8 18.a4 Bf8 19.dxe5 dxe5 20.Bg5 Qe7 21.Nh2 h6 22.Bh4 Rad8
23.Qe2 c6 24.Bb3 Bc8 25.axb5 axb5 26.Nf1 Be6 27.Bxe6 Qxe6 28.Ra6 Ra8 29.Rea1 Rxa6
30.Rxa6 Qc8 31.Ra1 Nd7 32.f3 Nc5 33.Bf2 Rd8 34.Rd1 Ne6 35.Rxd8 Qxd8 36.Qd2 Qc7
37.Ne3 h5 38.h4 g6 39.Nc2 Be7 40.g3 Kf8 41.Ne1 Kg7 42.Nd3 c5 43.b3 c4 44.bxc4 bxc4
45.Nb2 Bc5 46.Qe2 Bxf2+ 47.Kxf2 Qb6+ 48.Kg2 Qb3 49.Nxc4 Qxc3 50.Ne3 Nd4 51.Qf2 f5
52.exf5 gxf5 53.Nf1 f4 54.Nd2 Qe3 55.Qxe3 fxe3 56.Nc4 e2 57.Kf2 Nxf3 58.Kxe2 Nd4+
59.Ke3 Kf6 60.Ke4 Nf5 61.Nxe5 Nxg3+ 62.Kf3 Nf5 63.Nd3 Nxh4+ 64.Kg3 Nf5+ 65.Kh3 Kg5
66.Ne1 Nd4 67.Kg3 Ne2+ 68.Kf3 Nf4 69.Ng2 Ng6 70.Kg3 Ne7 71.Nh4 Nd5 72.Nf3+ Kg6
73.Kh4 Nf6 74.Ne5+ Kh6 75.Nf7+ Kg7 76.Nd6 Kg6 77.Nc4  1/2-1/2

[Event "Frankfurt Ordix op"]
[Site "Frankfurt"]
[Date "1998.06.21"]
[Round "11"]
[White "Kortschnoj, Viktor"]
[Black "Ivanchuk, Vassily"]
[Result "1/2-1/2"]
[WhiteElo "2625"]
[BlackElo "2740"]

1.d4 d5 2.c4 dxc4 3.e3 e5 4.Bxc4 exd4 5.exd4 Nf6 6.Nc3 Bd6 7.Nf3 O-O 8.O-O Nc6
9.h3 h6 10.Re1 a6 11.a3 Re8 12.Rxe8+ Qxe8 13.Qd3 Qf8 14.Be3 Bd7 15.Nh4 Kh8
16.Nf5 Re8 17.Nxd6 Qxd6 18.Rd1 Be6 19.Bxe6 Rxe6 20.d5 Ne5 21.Qd4 Re8 22.Bf4 c5
23.dxc6 Qxd4 24.Rxd4 Nxc6  1/2-1/2

[Event "Elista ol (Men)"]
[Site "Elista"]
[Date "1998.09.30"]
[Round "2"]
[White "Peng Xiaomin"]
[Black "Ivanchuk, Vassily"]
[Result "1/2-1/2"]
[WhiteElo "2550"]
[BlackElo "2730"]

1.e4 e5 2.Nf3 Nf6 3.Nxe5 d6 4.Nf3 Nxe4 5.c4 Nc6 6.Nc3 Nxc3 7.dxc3 Be7 8.Be2 O-O
9.O-O Re8 10.h3 Bf6 11.Be3 b6 12.Nd4 Nxd4 13.cxd4 Bb7 14.Qd2 h6 15.Rfe1 Bg5
16.Bg4 Kf8 17.d5 Bxe3 18.Rxe3 Rxe3 19.Qxe3 Qe7 20.Qxe7+ Kxe7 21.a4 g6 22.f4 h5
23.Bf3 Bc8 24.a5 Bf5 25.b4 Kf6 26.Kf2 Re8 27.axb6 axb6 28.Ra7 Re7 29.g4 hxg4
30.hxg4 Be4 31.c5 bxc5 32.bxc5 Bxf3 33.cxd6 cxd6 34.g5+ Kf5 35.Rxe7 Bxd5
36.Ke3 f6 37.gxf6 Kxf6 38.Rd7 Ke6 39.Rd8 Ba2 40.Rb8 Kf6 41.Rb5 Be6 42.Rg5 Bf5
43.Kd4 Ke6 44.Rg2 Bb1 45.Rb2 Bf5 46.Re2+  1/2-1/2

[Event "Elista ol (Men)"]
[Site "Elista"]
[Date "1998.10.06"]
[Round "8"]
[White "Short, Nigel D"]
[Black "Ivanchuk, Vassily"]
[Result "1/2-1/2"]
[WhiteElo "2670"]
[BlackElo "2730"]

1.e4 c5 2.Nf3 d6 3.d4 cxd4 4.Nxd4 Nf6 5.Nc3 a6 6.Be3 Ng4 7.Bg5 h6 8.Bh4 g5
9.Bg3 Bg7 10.Be2 h5 11.Bxg4 Bxg4 12.f3 Bd7 13.Bf2 Nc6 14.Qd2 Qa5 15.O-O-O h4
16.Kb1 Rg8 17.g3 O-O-O 18.Qe2 Be6 19.gxh4 gxh4 20.Nxe6 fxe6 21.Qc4 Bxc3 22.Qxe6+ Kb8
23.bxc3 Rg5 24.Rd5 Rxd5 25.exd5 Ne5 26.Bd4 Nxf3 27.Bg7 Rc8 28.Rd1 Rxc3 29.Bxc3 Qxc3
30.Qxe7  1/2-1/2

[Event "Elista ol (Men)"]
[Site "Elista"]
[Date "1998.10.09"]
[Round "10"]
[White "Ivanchuk, Vassily"]
[Black "Svidler, Peter"]
[Result "1/2-1/2"]
[WhiteElo "2730"]
[BlackElo "2710"]

1.e4 e5 2.Nf3 Nc6 3.Bb5 a6 4.Bxc6 dxc6 5.O-O f6 6.d4 Bg4 7.c3 Qd7 8.h3 Bxf3
9.Qxf3 O-O-O 10.Rd1 Ne7 11.Nd2 Ng6 12.Nf1 Bd6 13.Ne3 Rhe8 14.Nf5 Bf8 15.Be3 exd4
16.Rxd4 Qe6 17.Qh5 Qg8 18.Rad1 Ne5 19.b3 g6 20.Rxd8+ Rxd8 21.Rxd8+ Kxd8 22.Qd1+ Kc8
23.Nd4 c5 24.Nf3 Nc6 25.Nd2 h5 26.f4 Qe6 27.f5 Qe8 28.fxg6 Qxg6 29.Qf3 Bd6
30.Kf2 Kd8 31.Nc4 b5 32.Nxd6 cxd6 33.Bf4 Ne5 34.Qd1 Kc7 35.Qd5 h4 36.Kf1 Qh5
37.Ke1 Qg6 38.Kf2 Qh5 39.Ke3 Qg6 40.Kf2 Qe8 41.b4 c4 42.Qd4 Nd3+ 43.Ke3 Nxf4
44.Qa7+ Kc6 45.Qxa6+ Kc7 46.Qa7+ Kc6  1/2-1/2

[Event "Elista ol (Men)"]
[Site "Elista"]
[Date "1998.10.12"]
[Round "13"]
[White "Lputian, Smbat G"]
[Black "Ivanchuk, Vassily"]
[Result "0-1"]
[WhiteElo "2615"]
[BlackElo "2730"]

1.d4 Nf6 2.c4 g6 3.Nc3 d5 4.Nf3 Bg7 5.Bf4 O-O 6.Rc1 dxc4 7.e4 Bg4 8.Bxc4 Nh5
9.Be3 Bxf3 10.gxf3 e5 11.dxe5 Bxe5 12.Qxd8 Rxd8 13.b4 Nf4 14.Nd5 Ng2+ 15.Kf1 Nxe3+
16.fxe3 c6 17.f4 cxd5 18.Bxd5 Nc6 19.fxe5 Nxb4 20.Bb3 Rd2 21.Rc7 Rf8 22.Rg1 Na6
23.Ke1 Rb2 24.Rc3 b6 25.e6 Rb1+ 26.Kf2 fxe6+ 27.Kg2 Rxg1+ 28.Kxg1 Nc5 29.Kg2 Kg7
30.Rc2 Kf6 31.Rf2+ Ke7 32.Rc2 Kd6 33.Rd2+ Ke5 34.Bc2 Rf7  0-1

[Event "Cap d'Agde-B"]
[Site "Cap d'Agde"]
[Date "1998.10.25"]
[Round "2"]
[White "Ivanchuk, Vassily"]
[Black "Adianto, Utut"]
[Result "1-0"]
[WhiteElo "2730"]
[BlackElo "2610"]

1.Nf3 Nf6 2.c4 e6 3.d4 b6 4.a3 Ba6 5.Qc2 c5 6.d5 exd5 7.cxd5 d6 8.Nc3 g6
9.g3 Bg7 10.Bg2 O-O 11.O-O Re8 12.Re1 b5 13.e4 Nbd7 14.Bf4 Qb6 15.h3 Nh5
16.Be3 Rac8 17.Bf1 Bd4 18.Kg2 Ne5 19.Qd1 Bxe3 20.Rxe3 Nf6 21.Nd2 b4 22.Na4 Bxf1+
23.Qxf1 Qb7 24.b3 bxa3 25.Rxa3 Qb4 26.Ra2 c4 27.Qa1 Nfd7 28.f4 Nd3 29.bxc4 N3c5
30.Nc3 Nb3 31.Qb2 Qc5 32.Nf1 Nd4 33.Na4 Qxc4 34.Rc3 Qb5 35.Qxb5 Nxb5 36.Rxc8 Rxc8
37.Ne3 Nf6 38.e5 dxe5 39.fxe5 Nd7 40.e6 fxe6 41.dxe6 Ne5 42.Nd5 Kg7 43.e7 Nd6
44.Nac3 Nc6 45.Re2 Kf7 46.Rf2+ Kg7 47.Rf6 Ne8 48.Rf8 Nxe7 49.Nxe7 Rxc3 50.Rxe8 Kf7
51.Rc8 Rxc8 52.Nxc8 a5 53.Nb6 Kf6 54.Kf3 h5 55.Kf4 g5+ 56.Ke4 Ke6 57.g4 hxg4
58.hxg4 Kf6 59.Kd5 Kg6 60.Ke6  1-0

[Event "Cap d'Agde-B"]
[Site "Cap d'Agde"]
[Date "1998.10.26"]
[Round "3"]
[White "Bacrot, Etienne"]
[Black "Ivanchuk, Vassily"]
[Result "0-1"]
[WhiteElo "2555"]
[BlackElo "2730"]

1.d4 Nf6 2.Nf3 g6 3.c4 Bg7 4.Nc3 O-O 5.e4 d6 6.Be2 e5 7.O-O Nc6 8.d5 Ne7
9.b4 a5 10.Ba3 Nd7 11.Nd2 f5 12.bxa5 Rxa5 13.Bb4 Ra8 14.a4 Bh6 15.Bd3 Rf7
16.Nb3 Nf6 17.c5 fxe4 18.cxd6 cxd6 19.Nxe4 Nxe4 20.Bxe4 Bf5 21.Bxf5 Nxf5
22.Bd2 Bxd2 23.Qxd2 Qb6 24.Rfb1 Raf8 25.a5 Qb5 26.a6 bxa6 27.Na5 Qc5 28.Nc6 Ng3
29.hxg3 Rxf2 30.Ne7+ Kg7 31.Qxf2 Qxf2+ 32.Kh2 Rf3 33.Rb7 Qxg3+ 34.Kg1 Qf2+
35.Kh1 Qh4+ 36.Kg1 Rf7  0-1

[Event "Cap d'Agde-B"]
[Site "Cap d'Agde"]
[Date "1998.10.26"]
[Round "4"]
[White "Ivanchuk, Vassily"]
[Black "Gelfand, Boris"]
[Result "1/2-1/2"]
[WhiteElo "2730"]
[BlackElo "2675"]

1.e4 c5 2.Nf3 d6 3.d4 cxd4 4.Nxd4 Nf6 5.Nc3 a6 6.Be2 e5 7.Nb3 Be7 8.O-O O-O
9.Be3 Be6 10.Qd3 Nbd7 11.Nd5 Bxd5 12.exd5 Nc5 13.Nxc5 dxc5 14.Rad1 Bd6 15.Bg5 Re8
16.Qf5 h6 17.Bxf6 Qxf6 18.Qxf6 gxf6 19.Bg4 e4 20.g3 b5 21.Rfe1 Re5 22.Kg2 Rae8
23.Bd7 R8e7 24.Bc8 a5 25.Ba6 b4 26.Re3 f5 27.f4 exf3+ 28.Rxf3 Kg7 29.b3 Re1
30.Rxe1 Rxe1 31.Rf1 Rxf1 32.Kxf1 Kf6 33.Ke2 Ke5 34.Kd3 f4 35.gxf4+ Kxf4 36.Bc8 Ke5
37.Bb7 f5 38.h3 f4 39.Bc6 Be7 40.Bb7 Bg5 41.d6 Kxd6 42.Ke4 c4 43.Ba6 cxb3
44.axb3 Kc5 45.Bd3 Kd6 46.Be2 Ke6 47.Bg4+ Kd6 48.Bh5 Kc5 49.Be2 Kd6 50.Bh5 Kc5
51.Be2  1/2-1/2

[Event "Cap d'Agde-B"]
[Site "Cap d'Agde"]
[Date "1998.10.27"]
[Round "7"]
[White "Arencibia, Walter"]
[Black "Ivanchuk, Vassily"]
[Result "1/2-1/2"]
[WhiteElo "2550"]
[BlackElo "2730"]

1.d4 Nf6 2.c4 c5 3.d5 b5 4.cxb5 a6 5.Nc3 axb5 6.e4 b4 7.Nb5 d6 8.Bf4 g5 9.Bxg5 Nxe4
10.Bf4 Nf6 11.Bc4 Bg7 12.Ne2 Nbd7 13.Ng3 Nb6 14.b3 O-O 15.O-O Bd7 16.Qd2 Nfxd5
17.Bh6 Bxh6 18.Qxh6 f6 19.Bd3 Rf7 20.a4 bxa3 21.Nxa3 Qf8 22.Qh4 Nb4 23.Be2 d5
24.Nb5 Rxa1 25.Rxa1 Kh8 26.Nc3 e5 27.f4 c4 28.Bh5 Nd3 29.h3 Rg7 30.fxe5 fxe5
31.bxc4 Nxc4 32.Kh2 Ne3 33.Bf3 Nf4 34.Re1 d4 35.Nce4 Rg6 36.Ra1 Bc6 37.Ng5 Qe7
38.Bxc6 Qxg5 39.Ra8+ Kg7 40.Ra7+ Kf8 41.Ra8+ Kg7 42.Ra7+ Kf8  1/2-1/2

[Event "Hoogovens 5'"]
[Site "Wijk aan Zee"]
[Date "1999.01.18"]
[Round "6"]
[White "Timman, Jan H"]
[Black "Ivanchuk, Vassily"]
[Result "1-0"]
[WhiteElo "2649"]
[BlackElo "2714"]

1.e4 e6 2.d4 d5 3.Nc3 Nf6 4.f4 Nfd7 5.e5 c5 6.Nf3 Nc6 7.Be3 a6 8.Qd2 b5 9.dxc5 Bxc5
10.Bxc5 Nxc5 11.Bd3 b4 12.Ne2 Qb6 13.Nfd4 Nxd4 14.Nxd4 a5 15.Qe3 Ba6 16.O-O g6
17.Nb3 Na4 18.Qxb6 Nxb6 19.Nc5 Bxd3 20.cxd3 Ke7 21.Rfc1 Rhc8 22.Kf2 a4 23.a3 bxa3
24.bxa3 Nc4 25.dxc4 Rxc5 26.cxd5 Rxd5 27.Rc7+ Rd7 28.Rxd7+ Kxd7 29.Rd1+ Kc6
30.Rd4 Kb5 31.Rb4+ Ka5 32.Rb7 Rd8 33.Ke3 Rd1 34.Rxf7 Ra1 35.Re7 Rxa3+ 36.Kd4 Ra2
37.g4 a3 38.Rxe6 Rd2+ 39.Ke3 Rd8 40.Rc6 Kb4 41.Ra6 Rd1 42.f5 Re1+ 43.Kd4 Rd1+
44.Ke4 Re1+ 45.Kd5 Rd1+ 46.Ke6 gxf5 47.gxf5 Rd2 48.f6 Rxh2 49.f7 Rf2 50.Ke7 h5
51.f8=Q Rxf8 52.Kxf8 h4 53.e6 h3 54.Rb6+ Kc4 55.Rb1 h2 56.e7  1-0

[Event "Hoogovens 5'"]
[Site "Wijk aan Zee"]
[Date "1999.01.18"]
[Round "7"]
[White "Ivanchuk, Vassily"]
[Black "Bosboom, Manuel"]
[Result "1-0"]
[WhiteElo "2714"]
[BlackElo "2490"]

1.d4 Nf6 2.c4 a6 3.Nc3 c5 4.e3 g6 5.dxc5 Qa5 6.Bd2 Qxc5 7.b4 Qc7 8.Rc1 e6
9.a3 d6 10.Nf3 b6 11.Be2 Bb7 12.O-O Nbd7 13.Nd4 Be7 14.f3 O-O 15.e4 Rfe8
16.Be3 Rad8 17.Qd2 Qb8 18.Rfd1 Bf8 19.Kh1 h5 20.Nb3 Ba8 21.Bg5 Rc8 22.Bf1 Nh7
23.Bf4 Ne5 24.Na4 h4 25.h3 Red8 26.Qf2 Nd7 27.Qxh4 Bc6 28.Nc3 Ne5 29.Qf2 Nf6
30.Be3 b5 31.cxb5 axb5 32.Nd4 Nc4 33.Bg5 Bg7 34.Bxc4 bxc4 35.Qh4 Nh7 36.Nxc6 Rxc6
37.Bxd8 Ra6 38.Ba5 Be5 39.f4 Bf6 40.Qf2 Qb7 41.Qe3 Nf8 42.e5 dxe5 43.fxe5 Be7
44.Qe4 Qc8 45.Nb5 Qb8 46.Nd6 Nh7 47.Nxc4 Ng5 48.Qe2 Qb5 49.Rf1 Rc6 50.h4 Nh7
51.Qf3 f5 52.exf6 Nxf6 53.a4 Qxa4 54.Nb2  1-0

[Event "Hoogovens 5'"]
[Site "Wijk aan Zee"]
[Date "1999.01.18"]
[Round "8"]
[White "Yermolinsky, Alex"]
[Black "Ivanchuk, Vassily"]
[Result "0-1"]
[WhiteElo "2597"]
[BlackElo "2714"]

1.Nf3 d5 2.d4 Nf6 3.c4 e6 4.Nc3 c6 5.cxd5 exd5 6.Bg5 h6 7.Bh4 Bf5 8.e3 Nbd7
9.Bd3 Bxd3 10.Qxd3 Be7 11.O-O O-O 12.a3 a5 13.Bg3 Re8 14.Rfe1 Qb6 15.Rab1 Bf8
16.Ne5 Nxe5 17.Bxe5 Nd7 18.Bg3 Re6 19.Ne2 Rae8 20.Nf4 Re4 21.f3 R4e7 22.Bf2 Nf6
23.b4 axb4 24.axb4 Rd7 25.b5 c5 26.dxc5 Bxc5 27.Qf5 Bxe3 28.Bxe3 Rxe3 29.Rxe3 Qxe3+
30.Kh1 Re7 31.h3 Qe5 32.Qxe5 Rxe5 33.Rd1 Kf8 34.Nd3 Re6 35.Nf4 Rb6 36.Nxd5 Rd6
37.Ne3 Rxd1+ 38.Nxd1 Ke7 39.Ne3 g6 40.Nc4 Ke6 41.Na5 b6 42.Nc6 Nd5 43.Nd8+ Ke7
44.Nc6+ Kd6 45.Nd8 f5 46.g4 fxg4 47.fxg4 Kc5 48.Nf7 Kxb5 49.Nxh6 Ka4 50.Nf7 b5
51.Ne5 b4 52.Nd3 b3 53.Nc5+ Kb4 54.Nxb3 Kxb3 55.Kg2 Kc4 56.Kf3 Kd4 57.g5 Ke5
58.Kg4 Ne3+ 59.Kf3 Nf5 60.Kg4 Ng7 61.h4 Ke4 62.Kg3  0-1

[Event "Linares16th"]
[Site "Linares"]
[Date "1999.03.09"]
[Round "13"]
[White "Topalov, Veselin"]
[Black "Ivanchuk, Vassily"]
[Result "0-1"]
[WhiteElo "2700"]
[BlackElo "2714"]

1.Nf3 c5 2.c4 Nc6 3.d4 cxd4 4.Nxd4 e6 5.g3 Bb4+ 6.Nc3 Qa5 7.Nb5 d5 8.a3 Bxc3+
9.bxc3 Nf6 10.Bg2 O-O 11.Qb3 dxc4 12.Qxc4 e5 13.Nd6 Be6 14.Qd3 e4 15.Nxe4 Nxe4
16.Bxe4 Rad8 17.Qc2 Nd4 18.Qb2 Nxe2 19.Kxe2 Rfe8 20.Qb4 Qh5+ 21.f3 f5 22.g4 Qh3
23.gxf5 Bxf5 24.Qc4+ Kh8 25.Re1 Rxe4+  0-1

[Event "Amber Blindfold"]
[Site "Monte Carlo"]
[Date "1999.03.17"]
[Round "2"]
[White "Ivanchuk, Vassily"]
[Black "Karpov, Anatoly"]
[Result "1/2-1/2"]
[WhiteElo "2714"]
[BlackElo "2710"]

1.e4 c6 2.d4 d5 3.Nd2 dxe4 4.Nxe4 Nd7 5.Bc4 Ngf6 6.Ng5 e6 7.Qe2 Nb6 8.Bb3 h6
9.N5f3 c5 10.Bf4 Nbd5 11.Be5 Qa5+ 12.Nd2 cxd4 13.Nf3 Be7 14.Nxd4 O-O 15.O-O-O Rd8
16.Kb1 Nd7 17.Nc4 Qa6 18.Nf5 exf5 19.Rxd5 Nxe5 20.Ra5 Qf6 21.Nxe5 Be6 22.Rb5 Bd6
23.Nc4 b6 24.Nxd6 Rxd6 25.Bxe6 Rxe6 26.Qf3 Rae8 27.Rd5 g6 28.g3 Re1+ 29.Rd1 R1e4
30.a3 b5 31.Rd2 h5 32.Rhd1 a6 33.c3 Kg7 34.Qd3 f4 35.Qd6 R8e6 36.Qd8 Qxd8
37.Rxd8 fxg3 38.fxg3 h4 39.Kc2 hxg3 40.hxg3 f5 41.R8d4 Kf6 42.Rxe4 Rxe4 43.Rd6+ Re6
44.Rxe6+ Kxe6 45.Kd3 Kd5 46.b3 Kc5 47.Ke3 g5 48.Kd3 a5 49.a4 bxa4 50.bxa4 Kd5
51.c4+ Kc5 52.Kc3 f4 53.gxf4  1/2-1/2

[Event "Amber Rapidplay"]
[Site "Monte Carlo"]
[Date "1999.03.17"]
[Round "2"]
[White "Karpov, Anatoly"]
[Black "Ivanchuk, Vassily"]
[Result "1/2-1/2"]
[WhiteElo "2710"]
[BlackElo "2714"]

1.d4 Nf6 2.c4 g6 3.Nf3 Bg7 4.g3 d5 5.Bg2 c6 6.Nbd2 a5 7.O-O a4 8.b4 axb3
9.Qxb3 O-O 10.a4 c5 11.cxd5 Nxd5 12.Bb2 cxd4 13.Nxd4 Bxd4 14.Bxd4 Nf4 15.gxf4 Qxd4
16.Ne4 Nc6 17.e3 Qa7 18.Rfb1 Rb8 19.Qb6 Bf5 20.a5 Rfc8 21.Qxa7 Nxa7 22.Rb2 Rc7
23.h4 Kg7 24.h5 Bd7 25.hxg6 hxg6 26.Ng5 Nb5 27.Nf3 Ra8 28.Ne5 Be8 29.Rb4 Nd6
30.Bf1 Rc5 31.a6 bxa6 32.Rxa6 Rxa6 33.Bxa6 f6 34.Nc4 Nf5 35.Kf1 Bf7 36.Ke2 Nh4
37.Nd2 Be6 38.Bd3 Rc3 39.f3 Nf5 40.Bxf5 Bxf5 41.Rb2 Rc7 42.Ne4 Ra7 43.Ng3  1/2-1/2

[Event "Amber Rapidplay"]
[Site "Monte Carlo"]
[Date "1999.03.18"]
[Round "3"]
[White "Ivanchuk, Vassily"]
[Black "Gelfand, Boris"]
[Result "1-0"]
[WhiteElo "2714"]
[BlackElo "2691"]

1.e4 c5 2.Nf3 d6 3.d4 cxd4 4.Nxd4 Nf6 5.Nc3 a6 6.Be3 e6 7.Be2 Qc7 8.g4 d5
9.exd5 Bb4 10.dxe6 Bxc3+ 11.bxc3 Qxc3+ 12.Kf1 fxe6 13.Bf3 O-O 14.Kg2 Nd5
15.Re1 Nc6 16.Nxc6 Qxc6 17.Rb1 b5 18.Bxd5 exd5 19.Bd4 Qg6 20.f3 Bf5 21.Re7 Rf7
22.Rxf7 Kxf7 23.Qd2 Bxc2 24.Re1 Re8 25.Qf4+ Kg8 26.Rxe8+ Qxe8 27.Qc7 Qe2+
28.Kg3 Qe1+ 29.Bf2 Qe2 30.Qd8+ Kf7 31.Qxd5+ Qe6 32.Qb7+ Qe7 33.Qxa6 Bd3 34.a4 h5
35.axb5 Qe5+ 36.f4 h4+ 37.Kxh4 Qxf4 38.Qb7+ Kg6 39.Qb6+ Kh7 40.Bg3 Qf6+ 41.Qxf6 gxf6
42.b6 Be4 43.Bd6 Kg6 44.Kg3  1-0

[Event "Amber Rapidplay"]
[Site "Monte Carlo"]
[Date "1999.03.19"]
[Round "4"]
[White "Ivanchuk, Vassily"]
[Black "Piket, Jeroen"]
[Result "1-0"]
[WhiteElo "2714"]
[BlackElo "2619"]

1.d4 Nf6 2.c4 e6 3.Nf3 b6 4.Nc3 Bb7 5.e3 Bb4 6.Bd3 O-O 7.O-O d5 8.a3 Bd6
9.cxd5 exd5 10.b4 Nbd7 11.Bb2 Re8 12.Qc2 a6 13.b5 a5 14.a4 Ne4 15.Ba3 Rc8
16.Rfc1 Ndf6 17.Qb2 Ng4 18.Nd1 h6 19.h3 Ngf6 20.Rc2 Qe7 21.Be2 Qe6 22.Rac1 Qe7
23.Bxd6 cxd6 24.Ne1 Rxc2 25.Rxc2 Rc8 26.Nd3 Rc4 27.Qc1 Qc7 28.Ne1 Rxc2 29.Qxc2 Qxc2
30.Nxc2 Ng5 31.f3 Kf8 32.Kf2 Ke7 33.Nc3 Ne6 34.Ne1 Kd8 35.Bd1 Ng8 36.Bb3 Ne7
37.Nd3 Kd7 38.h4 g5 39.hxg5 hxg5 40.g4 f6 41.Nc1 Ng7 42.N1e2 f5 43.gxf5 Ngxf5
44.Ng3 Ng7 45.Kg2 Ngf5 46.Nxf5 Nxf5 47.Kf2 Ke6 48.Ne4 Bc8 49.Nxg5+ Kf6 50.f4 Bb7
51.Bd1 Nh6 52.Bf3 Kf5 53.Ke2 Ba8 54.Kd3 Ng8 55.Bg2 Nf6 56.Bh3+ Kg6 57.Bc8 Ne4
58.Ne6 Nf2+ 59.Kd2 Ne4+ 60.Kc2  1-0

[Event "Amber Blindfold"]
[Site "Monte Carlo"]
[Date "1999.03.21"]
[Round "5"]
[White "Ivanchuk, Vassily"]
[Black "Lautier, Joel"]
[Result "1/2-1/2"]
[WhiteElo "2714"]
[BlackElo "2596"]

1.e4 c5 2.Nf3 Nc6 3.d4 cxd4 4.Nxd4 Nf6 5.Nc3 e5 6.Ndb5 d6 7.Bg5 a6 8.Na3 b5
9.Nd5 Be7 10.Bxf6 Bxf6 11.c3 O-O 12.Nc2 Rb8 13.g3 Bg5 14.h4 Bh6 15.Bh3 Be6
16.Bxe6 fxe6 17.Nde3 Bxe3 18.Nxe3 Na5 19.O-O Nc4 20.Qe2 Qc7 21.Rad1 Rb6 22.Rd3 Qc5
23.Ng4 b4 24.b3 Na5 25.a3 Nxb3 26.cxb4 Qb5 27.Nh6+ Kh8 28.Rf3 Rxf3 29.Qxf3 Qxf1+
30.Kh2 Rb8 31.Qf7  1/2-1/2

[Event "Amber Rapidplay"]
[Site "Monte Carlo"]
[Date "1999.03.21"]
[Round "5"]
[White "Lautier, Joel"]
[Black "Ivanchuk, Vassily"]
[Result "1/2-1/2"]
[WhiteElo "2596"]
[BlackElo "2714"]

1.d4 Nf6 2.Nf3 e6 3.g3 c5 4.Bg2 cxd4 5.O-O a6 6.Nxd4 Qc7 7.e4 Bc5 8.c4 d6
9.Nc3 O-O 10.Nb3 Ba7 11.Bf4 e5 12.Bg5 Nbd7 13.Rc1 h6 14.Nd5 Nxd5 15.cxd5 Qb8
16.Bd2 Nf6 17.h3 Bd7 18.Na5 Bd4 19.Re1 Rc8 20.Be3 Bxb2 21.Rxc8+ Qxc8 22.Qb3 Qc3
23.Re2 b5 24.Nc6 Qxb3 25.axb3 Bc3 26.Bb6 Bxc6 27.dxc6 Rc8 28.Rc2 b4 29.Ba5 Ne8
30.Bf1  1/2-1/2

[Event "Amber Rapidplay"]
[Site "Monte Carlo"]
[Date "1999.03.23"]
[Round "7"]
[White "Ivanchuk, Vassily"]
[Black "Ljubojevic, Ljubomir"]
[Result "0-1"]
[WhiteElo "2714"]
[BlackElo "2571"]

1.d4 Nf6 2.c4 e6 3.Nf3 b6 4.g3 Bb4+ 5.Bd2 Be7 6.Bg2 Bb7 7.Nc3 O-O 8.O-O d5
9.cxd5 exd5 10.Bf4 Na6 11.Qc2 c5 12.Rad1 Qc8 13.a3 Rd8 14.Rfe1 Nc7 15.Ng5 cxd4
16.Rxd4 Nb5 17.Rd3 h6 18.Nh3 Ne4 19.a4 Nbxc3 20.bxc3 d4 21.Be5 Nxc3 22.Bxb7 Qxb7
23.Rxd4 Rxd4 24.Bxd4 Rc8 25.Bxc3 Bf6 26.Nf4 Rxc3 27.Qa2 Qe4 28.Nd5 Rc2 29.Nxf6+ gxf6
30.Qa1 Kg7 31.e3 Rc4  0-1

[Event "Amber Rapidplay"]
[Site "Monte Carlo"]
[Date "1999.03.27"]
[Round "10"]
[White "Shirov, Alexei"]
[Black "Ivanchuk, Vassily"]
[Result "1-0"]
[WhiteElo "2726"]
[BlackElo "2714"]

1.e4 c5 2.Nf3 d6 3.d4 cxd4 4.Nxd4 Nf6 5.Nc3 a6 6.Be3 e5 7.Nb3 Be6 8.Qd2 Nbd7
9.f3 Nb6 10.O-O-O Be7 11.Qf2 Nfd7 12.f4 Rc8 13.f5 Bc4 14.f6 gxf6 15.Bxc4 Rxc4
16.Rd3 h5 17.Na5  1-0

[Event "Amber Blindfold"]
[Site "Monte Carlo"]
[Date "1999.03.27"]
[Round "10"]
[White "Ivanchuk, Vassily"]
[Black "Shirov, Alexei"]
[Result "1/2-1/2"]
[WhiteElo "2714"]
[BlackElo "2726"]

1.e4 c5 2.Nf3 d6 3.d4 Nf6 4.Bb5+ Bd7 5.Bxd7+ Qxd7 6.dxc5 Nxe4 7.cxd6 Nxd6
8.O-O Nc6 9.Qe2 g6 10.Rd1 Bg7 11.Na3 O-O 12.Nb5 Rfe8 13.c3 a6 14.Nxd6 exd6
15.Be3 Bh6 16.Rd3 Bxe3 17.Rxe3 Rxe3 18.Qxe3 Re8 19.Qd2 Ne5 20.Nd4 Nc4 21.Qc2 Qe7
22.g3 d5 23.Rd1 Qe4 24.Qc1 Kg7 25.h4 h5 26.a4 Qg4 27.Re1 Re4 28.Kg2 Rxe1
29.Qxe1 Qe4+ 30.Qxe4 dxe4 31.b4 Nb6 32.a5 Nd5 33.Ne2 Kf6 34.Kf1 Kf5 35.b5 axb5
36.Nd4+ Ke5 37.Nxb5 Ne7 38.Nc7 Nd5 39.Nb5 f5 40.Ke2 Ne7 41.Nc7 Nd5 42.Nb5 Ne7
43.Nc7 Nd5  1/2-1/2

[Event "Eu Team Ch"]
[Site "Batumi GEO"]
[Date "1999.11.29"]
[Round "1"]
[White "Damljanovic,B"]
[Black "Ivanchuk,V"]
[Result "1/2-1/2"]
[WhiteElo "2554"]
[BlackElo "2702"]

1.Nf3 g6 2.e4 c5 3.d4 Bg7 4.c3 Qa5 5.b4 cxb4 6.cxb4 Qc7 7.Bb2 Nf6 8.Nc3 O-O
9.Rc1 Qd8 10.e5 Ne8 11.Nd5 Nc6 12.b5 Na5 13.Be2 d6 14.Ne3 Nc7 15.O-O Ne6
16.g3 a6 17.bxa6 b6 18.d5 Nc5 19.Rb1 Bxa6 20.exd6 Qxd6 21.Bxg7 Kxg7 22.Bxa6 Rxa6
23.Nd4 Kg8 24.Nb5 Qd7 25.d6 Nab7 26.dxe7 Qxe7 27.Nd5 Qd8 28.Qd4 f6 29.Rbd1 Ra5
30.Qc4 Kh8 31.Rfe1 Nd6 32.Nxd6 Qxd6 33.Qh4 Nd3 34.Rxd3 Rxd5 35.Rxd5 Qxd5
36.Qb4 Kg7 37.a4 Qc6 38.h4 Rf7 39.Qb5 Rc7 40.Re7+ Kh6  1/2-1/2

[Event "Eu Team Ch"]
[Site "Batumi GEO"]
[Date "1999.12.04"]
[Round "5"]
[White "Ivanchuk,V"]
[Black "Shirov,A"]
[Result "1/2-1/2"]
[WhiteElo "2702"]
[BlackElo "2734"]

1.Nf3 Nf6 2.c4 c5 3.d4 cxd4 4.Nxd4 e6 5.g3 Qb6 6.Bg2 Bc5 7.e3 Nc6 8.Nb3 Bb4+
9.N3d2 d5 10.O-O O-O 11.a3 Qa6 12.b3 Be7 13.Bb2 Rd8  1/2-1/2

[Event "Eu Team Ch"]
[Site "Batumi GEO"]
[Date "1999.12.06"]
[Round "7"]
[White "Ivanchuk,V"]
[Black "Leko,P"]
[Result "1/2-1/2"]
[WhiteElo "2702"]
[BlackElo "2701"]

1.e4 c5 2.Nf3 Nc6 3.d4 cxd4 4.Nxd4 Nf6 5.Nc3 e5 6.Ndb5 d6 7.Bg5 a6 8.Na3 b5
9.Nd5 Be7 10.Bxf6 Bxf6 11.c3 Ne7 12.Nxf6+ gxf6 13.Be2 Bb7 14.Bf3 Qb6 15.O-O Rd8
16.c4 f5 17.Qd3 fxe4 18.Bxe4 d5 19.cxd5 Bxd5 20.Rfd1  1/2-1/2

[Event "Eu Team Ch"]
[Site "Batumi GEO"]
[Date "1999.12.07"]
[Round "8"]
[White "Lputian,S"]
[Black "Ivanchuk,V"]
[Result "1/2-1/2"]
[WhiteElo "2625"]
[BlackElo "2702"]

1.Nf3 Nf6 2.c4 e6 3.g3 d5 4.Bg2 dxc4 5.Qa4+ Nbd7 6.Qxc4 c5 7.d3 Bd6 8.a4 O-O
9.Qb3 Ne5 10.Nxe5 Bxe5 11.Na3 Rb8 12.Nc4 Bc7 13.Qa3 b6 14.b4 cxb4 15.Qxb4 e5
16.O-O Bg4  1/2-1/2

[Event "Eu Team Ch"]
[Site "Batumi GEO"]
[Date "1999.12.07"]
[Round "9"]
[White "Ivanchuk,V"]
[Black "Beliavsky,A"]
[Result "1/2-1/2"]
[WhiteElo "2702"]
[BlackElo "2618"]

1.d4 Nf6 2.c4 e6 3.Nc3 Bb4 4.Qc2 O-O 5.a3 Bxc3+ 6.Qxc3 b6 7.Bg5 Bb7 8.e3 c5
9.Nf3 h6 10.Bh4 cxd4 11.Nxd4 d5 12.cxd5 Bxd5 13.f3 Nbd7 14.e4 Rc8 15.Qe3 Bc4
16.Bxc4 Rxc4 17.b3 Rc8 18.O-O Qc7 19.Rac1 Qb7 20.Nb5 Rxc1 21.Rxc1 Rc8 22.Nd6 Rxc1+
23.Qxc1 Qa6 24.Qc8+ Qxc8 25.Nxc8 a6 26.Kf1 b5 27.Ne7+ Kf8 28.Nc6 Nc5 29.b4 Ncd7
30.Bf2 Ng8 31.Bg3 Ke8 32.Bd6 Nb6 33.Nb8 Nc4 34.Bc5 Nxa3 35.Nxa6 Nf6 36.Bd4 Kd7  1/2-1/2

[Event "Keres Mem (Rapid)"]
[Site "Tallinn EST"]
[Date "2000.01.22"]
[Round "3"]
[White "Ivanchuk,V"]
[Black "Ehlvest,J"]
[Result "1-0"]
[WhiteElo "2709"]
[BlackElo "2622"]

1.d4 Nf6 2.c4 e6 3.Nf3 b6 4.g3 Ba6 5.b3 Bb4+ 6.Bd2 Be7 7.Nc3 O-O 8.Qc2 d5
9.cxd5 Nxd5 10.Bg2 Nd7 11.O-O c5 12.Rfd1 Rc8 13.Qb2 Bb7 14.e4 Nb4 15.Be3 Qe8
16.a3 Nc6 17.d5 exd5 18.exd5 Na5 19.Re1 Qd8 20.Rad1 Bf6 21.Qc2 Bxc3 22.Qxc3 Qf6
23.Qc2 Rfe8 24.Ng5 Nf8 25.Bf4 h6 26.Rxe8 Rxe8 27.Ne4 Qg6 28.b4 cxb4 29.axb4 Rc8
30.Bc7 Nb3 31.d6 Nd7 32.f3 Qe6 33.Rd3 Bd5 34.Bh3 f5 35.Re3 Nd4 36.Qf2 Qg6
37.Nc3 Ba8 38.Rd3 Nc6 39.Nd5 Qf7 40.b5 Nce5 41.Ne7+ Kh8 42.Re3 Re8 43.Bxf5 Qc4
44.Bxd7  1-0

[Event "Keres Mem (Rapid)"]
[Site "Tallinn EST"]
[Date "2000.01.23"]
[Round "5"]
[White "Ivanchuk,V"]
[Black "Sveshnikov,E"]
[Result "1/2-1/2"]
[WhiteElo "2709"]
[BlackElo "2541"]

1.e4 c5 2.Nf3 Nc6 3.d4 cxd4 4.Nxd4 e5 5.Nb5 d6 6.Be3 Nf6 7.Bg5 a6 8.Bxf6 gxf6
9.N5c3 f5 10.Nd2 Nd4 11.Nd5 fxe4 12.c3 Be6 13.Bc4 b5 14.cxd4 bxc4 15.Qa4+ Bd7
16.Qxc4 Rc8 17.Qxa6 Rc6 18.Qe2 Bg7 19.dxe5 dxe5 20.O-O O-O 21.Nxe4 Be6 22.Nb4 Rc4
23.a3 f5 24.Nc3 e4 25.Rfd1 Qg5 26.Rd6 Bf7 27.Nbd5 Rfc8 28.Nb6 Bxc3 29.bxc3 f4
30.Kh1 f3 31.gxf3 exf3 32.Qf1 R8c6 33.Rxc6 Rxc6 34.Rb1 Bg6 35.Rb5 Qd2 36.Nd5 Kg7
37.Rb7+ Kf8 38.Ne7 Rxc3 39.Nxg6+ hxg6 40.Rb1 Rxa3 41.Qh3 Qb2 42.Qh6+ Kf7
43.Qh7+ Kf8 44.Qxg6 Ra1 45.Rxa1 Qxa1+ 46.Qg1 Qf6 47.Qf1 Qg7 48.h3 Qh6 49.Kh2 Qf4+
50.Kg1 Qg5+  1/2-1/2

[Event "Amber Blindfold"]
[Site "Monaco MNC"]
[Date "2000.03.16"]
[Round "1"]
[White "Topalov,V"]
[Black "Ivanchuk,V"]
[Result "1-0"]
[WhiteElo "2702"]
[BlackElo "2709"]

1.e4 c5 2.Nf3 d6 3.d4 cxd4 4.Nxd4 Nf6 5.Nc3 a6 6.Be3 e5 7.Nb3 Be6 8.f3 Nbd7
9.g4 Nb6 10.Qd2 d5 11.O-O-O d4 12.Nxd4 exd4 13.Bxd4 Be7 14.Qe3 Nbd7 15.h3 Qa5
16.f4 Bxa2 17.g5 Nh5 18.h4 Rg8 19.Bh3 Nc5 20.Bg4 g6 21.Nxa2 Qxa2 22.Bxc5 Qa1+
23.Kd2 Rd8+ 24.Ke2 Qxb2 25.Kf3 Qxc2 26.Rxd8+ Bxd8 27.Rc1 Qh2 28.Rg1 Ba5 29.Bd6 Qd2
30.Qxd2 Bxd2 31.Rd1 Ba5 32.Rb1 b5 33.Ra1  1-0